|
|
|
|
| LEADER |
00000cam a2200000 7i4500 |
| 001 |
0000012908 |
| 005 |
20080104.0 |
| 008 |
080104 |
| 020 |
|
|
|a 9971773457
|
| 090 |
0 |
0 |
|a 297.44
|b SYE
|
| 100 |
0 |
|
|a Syekh Abdul Qadir Al-Jailani
|
| 245 |
1 |
0 |
|a Rahsia Sufi
|c Syekh Abdul Qadir Al-Jailani; terjemahan Abdul Majid Hj. Khatib
|
| 260 |
|
|
|a Singapura :
|b Pustaka Nasional ,
|c 2004
|
| 650 |
|
0 |
|a Religious life
|x Islam
|
| 650 |
|
0 |
|a Spiritual life
|x Islam
|
| 650 |
|
0 |
|a Sufism
|
| 700 |
0 |
|
|a Abdul Majid Hj. Khatib
|
| 710 |
0 |
|
|a Title
|
| 999 |
|
|
|a 0001006805
|b Book
|c Adult Collection
|e Perbadanan Perpustakaan Awam Johor
|
| 999 |
|
|
|a 0001006806
|b Book
|c Adult Collection
|e Perbadanan Perpustakaan Awam Johor
|
| 999 |
|
|
|a 0001006807
|b Book
|c Adult Collection
|e Perbadanan Perpustakaan Awam Johor
|
| 999 |
|
|
|a 798787
|b Book
|c Adult Collection
|e Cawangan Pontian
|